|
|
|
|
| LEADER |
00000cam a2200000 4500 |
| 001 |
vtls012007603 |
| 003 |
SK-MaSNL |
| 005 |
20260331211854.0 |
| 008 |
201207s2019 xo oec e c 000 0dslo |
| 015 |
|
|
|a SNBE2021
|
| 020 |
|
|
|a 9788088681830
|q (brožované)
|
| 040 |
|
|
|a SNK
|b slo
|c SNK
|e rda
|
| 041 |
0 |
|
|a slo
|a eng
|
| 043 |
|
|
|a e-xo---
|
| 044 |
|
|
|a xo
|c SK
|
| 072 |
|
7 |
|a 72
|x Architektúra
|2 konspekt
|
| 080 |
|
|
|a 72.071.1
|2 2011
|
| 080 |
|
|
|a (437.6)
|2 2011
|
| 080 |
|
|
|a (083.824)
|2 2011
|
| 080 |
|
|
|a 72(437.6)
|2 2011
|
| 080 |
|
|
|a 72.012.1
|2 2011
|
| 080 |
|
|
|a 72.036/.038
|2 2011
|
| 100 |
1 |
|
|a Skutecký, Alexander,
|d 1883-1944
|4 arc
|9 302990
|
| 245 |
1 |
0 |
|a Architekt Alexander Skutecký 1883-1944
|c kurátorka výstavy a autorka katalógu Klára Kubičková ; spolukurátorka a editorka Katarína Baraníková ; fotografka architektúry Olja Triaška Stefanović
|
| 264 |
|
1 |
|a Banská Bystrica
|b Stredoslovenská galéria
|c 2019
|
| 300 |
|
|
|a 95 strán
|b farebné fotografie, mapa, plány, portréty
|c 18 x 21 cm
|
| 336 |
|
|
|a text
|b txt
|2 rdacontent
|
| 336 |
|
|
|a statický obraz
|b sti
|2 rdacontent
|
| 337 |
|
|
|a bez média
|b n
|2 rdamedia
|
| 338 |
|
|
|a zväzok
|b nc
|2 rdacarrier
|
| 500 |
|
|
|a Životopisné dáta, prehľad architektonickej tvorby
|
| 546 |
|
|
|a Súbežný úvod v angličtine
|
| 600 |
1 |
7 |
|a Skutecký, Alexander,
|d 1883-1944
|2 SNKMA
|9 302990
|
| 648 |
|
7 |
|a 20. storočie
|2 SNKPH
|9 278343
|
| 648 |
|
7 |
|a 20th century
|2 SNKPHeng
|9 277995
|
| 650 |
0 |
7 |
|a architekti
|2 SNKPH
|9 2959
|
| 650 |
0 |
7 |
|a Architects
|2 SNKPHeng
|9 275799
|
| 650 |
0 |
7 |
|a slovenská architektúra
|2 SNKPH
|9 2967
|
| 650 |
0 |
7 |
|a architektonické projekty
|2 SNKPH
|9 2951
|
| 650 |
0 |
7 |
|a moderná architektúra
|2 SNKPH
|9 68287
|
| 650 |
0 |
7 |
|a Slovak architecture
|2 SNKPHeng
|9 267156
|
| 650 |
0 |
7 |
|a Architectural projects
|2 SNKPHeng
|9 274864
|
| 650 |
0 |
7 |
|a Modern architecture
|2 SNKPHeng
|9 276030
|
| 651 |
|
7 |
|a Slovensko
|2 SNKPH
|9 14231
|
| 651 |
|
7 |
|a Slovakia
|2 SNKPHeng
|9 92630
|
| 655 |
|
7 |
|a katalógy výstav
|2 SNKPH
|9 70445
|
| 655 |
|
7 |
|a Exhibition catalogs
|2 SNKPHeng
|9 266232
|
| 700 |
1 |
|
|a Baraníková, Katarína
|4 cur
|4 edt
|9 337961
|
| 700 |
1 |
|
|a Triaška Stefanović, Olja,
|d 1978-
|4 pht
|9 335005
|
| 700 |
1 |
|
|a Kubičková, Klára,
|d 1936-2022
|4 aut
|4 cur
|9 104064
|
| 852 |
|
|
|a Štátna vedecká knižnica v Banskej Bystrici
|
| 919 |
|
|
|a 978-80-88681-83-0
|
| 999 |
|
|
|c 696449
|d 698379
|
| 952 |
|
|
|a SNK
|b SNK
|y PREZ
|7 0
|p 17A1452239
|o snkOSD 10558
|i snk2021/3682
|8 0
|0 0
|1 0
|4 0
|d 2021-05-03
|l 0
|r 2026-02-23 20:44:13
|w 2026-02-23
|
| 952 |
|
|
|a SNK
|b SNK
|y VYP
|7 0
|p 17A1452240
|o snkOSD 10558 D1
|i snk2021/3683
|8 0
|0 0
|1 0
|4 0
|d 2021-05-03
|l 0
|r 2026-02-23 20:44:13
|w 2026-02-23
|